Kitāb al-Jāmiʻ li-mufradāt al-adwīyah wa-al-aghdhiyah /
Main Author:
Format: Book
Language: Arabic
Published:
[al-Qāhirah] :
[Maṭbaʻat Būlāq],
1291 [1875].
Subjects:
Tags: Add Tag
Call Number: ( RA )RS79 .I2 1875
| LEADER | 01182nam a2200253Ia 4500 | ||
|---|---|---|---|
| 003 | OSt | ||
| 005 | 20240613095613.0 | ||
| 008 | 130303s1875 ua 000 0 ara d | ||
| 952 | |0 0 |1 0 |2 lcc |4 0 |7 1 |9 29212 |a ARCE |b ARCE |d 2022-01-25 |l 0 |o ( RA )RS79 .I2 1875 |p 1030655 |r 2022-01-25 00:00:00 |w 2022-01-25 |y BK | ||
| 999 | |c 27440 |d 27440 | ||
| 040 | |c ARCE Library | ||
| 050 | 4 | |a ( RA )RS79 .I2 1875 | |
| 100 | 1 | |6 880-01 |a Ibn al-Bayṭār, ʻAbd Allāh ibn Aḥmad, |d -1248, |e author | |
| 245 | 1 | 0 | |6 880-02 |a Kitāb al-Jāmiʻ li-mufradāt al-adwīyah wa-al-aghdhiyah / |c taʼlīf Ibn al-Bayṭār. |
| 264 | 1 | |a [al-Qāhirah] : |b [Maṭbaʻat Būlāq], |c 1291 [1875]. | |
| 300 | |a 4 volumes in 1 ; |c 31 cm. | ||
| 650 | 0 | |a Botany, Medical |v Early works to 1800. | |
| 650 | 0 | |a Materia medica |v Early works to 1800. | |
| 650 | 0 | |a Plants, Medicinal. | |
| 650 | 0 | |a Medicine, Arabic. | |
| 880 | 1 | |6 100-01/(3/r |a ابن البيطار، عبد الله بن أحمد، |d -1248. | |
| 880 | 1 | 2 | |6 245-02/(3/r |a كتاب الجامع لمفردات الأدوية والأغذية |c تأليف ابن البيطار |
| 901 | |a reviewed | ||
| 942 | |c BK |2 lcc | ||
